000 00422nam a2200157Ia 4500
005 20250326130647.0
008 250326s9999 xx 000 0 und d
037 _aTextbook
040 _aFMSL
_beng
_cFMSL
041 _aeng
_2eng
084 _aX:8D P9
_qFMSL
245 0 _aStrategic ficial management
260 _aIndia
_bIndia, Board of Studies
_c2009
942 _cTB
_hX:8D P9
999 _c1283524
_d1283524